[Event "Bundesliga 2324"]
[Site "Germany"]
[Date "2024.02.04"]
[Round "8.7"]
[White "Sebastian, Dirk"]
[Black "Naumann, Alexander"]
[Result "1/2-1/2"]
[WhiteElo "2432"]
[BlackElo "2498"]
[PlyCount "41"]
[EventDate "2023.10.21"]
[EventType "team-tourn"]
[EventRounds "15"]
[EventCountry "GER"]
[SourceTitle "CB06_2024"]
[SourceDate "2024.02.07"]
[SourceVersion "1"]
[SourceVersionDate "2024.02.07"]
[SourceQuality "1"]
[WhiteTeam "Hamburger SK"]
[BlackTeam "Solingen"]
[WhiteTeamCountry "GER"]
[BlackTeamCountry "GER"]

1. e4 e5 2. Nf3 Nc6 3. Bc4 Nf6 4. d3 Be7 5. 0-0 0-0 6. Nc3 d6 7. a4 a5 8. Re1 Be6 9. Nd5 Nb4 10. d4 Nbxd5 11. exd5 Nxd5 12. dxe5 Ne3 13. Bxe3 Bxc4 14. Bf4 Ra6 15. Nd4 dxe5 16. Bxe5 Bf6 17. Nb5 Bxe5 18. Rxe5 Bxb5 19. Qxd8 Rxd8 20. axb5 Rad6 21. Kf1 1/2-1/2

[Event "Bundesliga 2223"]
[Site "Germany"]
[Date "2023.03.18"]
[Round "10.7"]
[White "Sebastian, Dirk"]
[Black "Kozak, Adam"]
[Result "1/2-1/2"]
[WhiteElo "2435"]
[BlackElo "2516"]
[PlyCount "165"]
[EventDate "2022.10.21"]
[EventType "team-tourn"]
[EventRounds "15"]
[EventCountry "GER"]
[SourceTitle "CBM 213 Extra"]
[Source "ChessBase"]
[SourceDate "2023.05.31"]
[SourceVersion "1"]
[SourceVersionDate "2023.05.31"]
[SourceQuality "1"]
[WhiteTeam "Hamburger SK"]
[BlackTeam "Deizisau"]
[WhiteTeamCountry "GER"]
[BlackTeamCountry "GER"]

1. e4 e5 2. Nf3 Nc6 3. Bc4 Bc5 4. 0-0 Nf6 5. d3 d6 6. c3 a5 7. Re1 Ba7 8. h3 0-0 9. Na3 h6 10. Nb5 Bb6 11. Be3 Bxe3 12. Rxe3 Re8 13. Qc2 Na7 14. Nxa7 Rxa7 15. d4 a4 16. Rd1 Qe7 17. dxe5 dxe5 18. Bb5 Bd7 19. Bxd7 Nxd7 20. Nh4 g6 21. Qe2 Nf6 22. Qc4 Kg7 23. Rg3 Kh7 24. Rgd3 Ra6 25. Nf3 Kg7 26. R3d2 Ra5 27. Ne1 Qc5 28. Qxc5 Rxc5 29. f3 a3 30. Nd3 Rc6 31. Rc1 axb2 32. Rxb2 Rd6 33. Nc5 b6 34. Na6 Rc8 35. Nb4 Ra8 36. c4 Nd7 37. Nd5 Ra7 38. Kf1 Nc5 39. Rcc2 Kf8 40. Rd2 Na4 41. Rbc2 c6 42. Nb4 Ke7 43. Nd3 f6 44. Ke2 g5 45. Ke3 Rd4 46. g3 Nc5 47. Nxc5 bxc5 48. Rd3 Rxd3+ 49. Kxd3 Ra3+ 50. Ke2 h5 51. Rb2 Kd6 52. h4 Kc7 53. Rc2 g4 54. fxg4 Rxg3 55. gxh5 Rh3 56. Rc1 Rxh4 57. Rf1 Rxe4+ 58. Kd3 Rd4+ 59. Ke3 Rh4 60. Rxf6 Rxh5 61. Rf7+ Kd6 62. Rf6+ Kd7 63. Ke4 Kc7 64. Rf7+ Kb6 65. Re7 Rh3 66. Rxe5 Rc3 67. Rh5 Rxc4+ 68. Kd3 Rg4 69. Kc3 Kb5 70. Rh8 Rg3+ 71. Kc2 Kb4 72. Rh2 Ka3 73. Rh6 Kb4 74. Rxc6 Rg2+ 75. Kd3 Rg3+ 76. Kc2 Rg2+ 77. Kd3 Kb5 78. Rc8 Rxa2 79. Rb8+ Kc6 80. Rc8+ Kb6 81. Rb8+ Kc7 82. Rh8 Ra4 83. Rh6 1/2-1/2

[Event "Bundesliga 2223"]
[Site "Germany"]
[Date "2022.10.23"]
[Round "2.6"]
[White "Bacrot, Etienne"]
[Black "Sebastian, Dirk"]
[Result "1-0"]
[WhiteElo "2646"]
[BlackElo "2435"]
[PlyCount "47"]
[EventDate "2022.10.21"]
[EventType "team-tourn"]
[EventRounds "15"]
[EventCountry "GER"]
[SourceTitle "CBM 211"]
[Source "ChessBase"]
[SourceDate "2022.12.31"]
[SourceVersion "1"]
[SourceVersionDate "2022.12.31"]
[SourceQuality "1"]
[WhiteTeam "Baden-Baden"]
[BlackTeam "Hamburger SK"]
[WhiteTeamCountry "GER"]
[BlackTeamCountry "GER"]

1. d4 Nf6 2. c4 c5 3. d5 b5 4. cxb5 a6 5. e3 axb5 6. Bxb5 Qa5+ 7. Nc3 Bb7 8. Bd2 Qb6 9. Nf3 Nxd5 10. a4 e6 11. 0-0 Be7 12. e4 Nb4 13. Bf4 Qd8 14. Qd2 0-0 15. Rad1 d5 16. exd5 exd5 17. Rfe1 Bf6 18. Qc1 Qb6 19. Ne5 c4 20. Be3 Qc7 21. Ng4 Be7 22. Bd4 f5 23. Qe3 fxg4 24. Qxe7 1-0

[Event "Bundesliga 2122"]
[Site "Germany"]
[Date "2022.07.10"]
[Round "15.7"]
[White "Sebastian, Dirk"]
[Black "Watson, William N"]
[Result "0-1"]
[WhiteElo "2445"]
[BlackElo "2490"]
[PlyCount "78"]
[EventDate "2022.03.05"]
[EventType "team-tourn"]
[EventRounds "15"]
[EventCountry "GER"]
[SourceTitle "CBM 209 Extra"]
[Source "ChessBase"]
[SourceDate "2022.09.30"]
[SourceVersion "1"]
[SourceVersionDate "2022.09.30"]
[SourceQuality "1"]
[WhiteTeam "Hamburger SK"]
[BlackTeam "Muenchen 36"]
[WhiteTeamCountry "GER"]
[BlackTeamCountry "GER"]

1. e4 c5 2. Nf3 d6 3. d4 cxd4 4. Nxd4 Nf6 5. Nc3 g6 6. Be3 Bg7 7. f3 Nc6 8. Qd2 0-0 9. Bc4 Nxd4 10. Bxd4 Be6 11. Bb3 Qa5 12. 0-0-0 b5 13. Kb1 b4 14. Nd5 Bxd5 15. exd5 Qb5 16. Qd3 Qxd3 17. Rxd3 Rfc8 18. Re1 Rc7 19. Bf2 Kf8 20. Ba4 Rac8 21. Bh4 Nh5 22. Re4 Be5 23. Rxb4 Rc4 24. Be1 Nf4 25. Ra3 Nxg2 26. Bc6 Rxb4 27. Bxb4 Rb8 28. c3 Bxh2 29. Rxa7 h5 30. Ba5 Bg1 31. Rd7 h4 32. Bd8 Bc5 33. Bxe7+ Kg8 34. Bxh4 Nxh4 35. b4 Nxf3 36. Kc2 Ne5 37. bxc5 Nxd7 38. Bxd7 dxc5 39. Kd3 Kf8 0-1

[Event "Bundesliga 1920"]
[Site "Germany"]
[Date "2021.10.17"]
[Round "15.5"]
[White "Sebastian, Dirk"]
[Black "Gumularz, Szymon"]
[Result "1/2-1/2"]
[WhiteElo "2452"]
[BlackElo "2489"]
[PlyCount "88"]
[EventDate "2019.11.23"]
[EventType "team-tourn"]
[EventRounds "15"]
[EventCountry "GER"]
[SourceTitle "EXT 2022"]
[Source "ChessBase"]
[SourceDate "2021.10.06"]
[SourceVersion "1"]
[SourceVersionDate "2021.10.06"]
[SourceQuality "1"]
[WhiteTeam "Hamburger SK"]
[BlackTeam "Berlin SF"]
[WhiteTeamCountry "GER"]
[BlackTeamCountry "GER"]

1. e4 c6 2. Nc3 d5 3. Nf3 Bg4 4. Be2 e6 5. d4 Be7 6. h3 Bh5 7. Bf4 Nf6 8. e5 Nfd7 9. Qd2 c5 10. g4 Bg6 11. dxc5 Nc6 12. 0-0-0 Nxc5 13. Nd4 Nxd4 14. Qxd4 Rc8 15. Kb1 Ne4 16. Qa4+ Kf8 17. Nxe4 Bxe4 18. Bd3 Bxh1 19. Rxh1 a6 20. Bc1 Qb6 21. f4 Qc6 22. Qa5 h5 23. Rf1 hxg4 24. hxg4 Rh2 25. a3 Kg8 26. Qe1 Rxc2 27. Bxc2 Qxc2+ 28. Ka1 Kf8 29. f5 Ke8 30. Qg3 Kd7 31. g5 g6 32. Qh3 exf5 33. e6+ fxe6 34. Qh7 Qd3 35. Re1 Qg3 36. Bd2 Rc4 37. Qxg6 Re4 38. Rc1 Rc4 39. Re1 Re4 40. Rc1 Qb8 41. Qh7 Qg3 42. g6 Qh4 43. Qg8 Rc4 44. Rxc4 Qxc4 1/2-1/2

[Event "Bundesliga 1920"]
[Site "Germany"]
[Date "2021.10.13"]
[Round "13.5"]
[White "Sebastian, Dirk"]
[Black "Gavrilescu, David"]
[Result "0-1"]
[WhiteElo "2452"]
[BlackElo "2454"]
[PlyCount "160"]
[EventDate "2019.11.23"]
[EventType "team-tourn"]
[EventRounds "15"]
[EventCountry "GER"]
[SourceTitle "EXT 2022"]
[Source "ChessBase"]
[SourceDate "2021.10.06"]
[SourceVersion "1"]
[SourceVersionDate "2021.10.06"]
[SourceQuality "1"]
[WhiteTeam "Hamburger SK"]
[BlackTeam "Kiel Turm"]
[WhiteTeamCountry "GER"]
[BlackTeamCountry "GER"]

1. e4 e6 2. d4 d5 3. Nd2 c5 4. Ngf3 cxd4 5. Nxd4 Nc6 6. Bb5 Bd7 7. Nxc6 bxc6 8. Bd3 Qc7 9. Qe2 Ne7 10. 0-0 Ng6 11. Nf3 Be7 12. e5 c5 13. c3 h6 14. Re1 0-0 15. h4 f5 16. h5 Nh8 17. Nh2 c4 18. Bc2 Bc5 19. Nf3 Nf7 20. Be3 Rab8 21. Bxc5 Qxc5 22. Rab1 Rb6 23. Nd4 Nd8 24. Qe3 Be8 25. Nxf5 Qxe3 26. Nxe3 Bxh5 27. b3 cxb3 28. Bxb3 Bg6 29. Rbd1 Nc6 30. Re2 Kh8 31. Kh2 Bh5 32. g4 Bg6 33. Kg3 Be4 34. f4 g5 35. Rf2 gxf4+ 36. Rxf4 Rxf4 37. Kxf4 Rb8 38. Nxd5 exd5 39. Bxd5 Bxd5 40. Rxd5 Rf8+ 41. Ke4 Rg8 42. Rd6 Rxg4+ 43. Kf5 Rc4 44. Rxh6+ Kg7 45. Rh3 Rc5 46. Ke6 Ra5 47. Re3 Kf8 48. Kd6 Ne7 49. Re2 Ke8 50. Rh2 Nc8+ 51. Kc7 Nb6 52. Kb8 Nd7+ 53. Kb7 Nxe5 54. Rh8+ Kd7 55. Rh7+ Kd6 56. Rh6+ Kc5 57. Ra6 Rb5+ 58. Kc7 Kd5 59. Rxa7 Rc5+ 60. Kb7 Nc4 61. Kb8 Nd6 62. Rh7 Rb5+ 63. Ka7 Kc6 64. Rh6 Ra5+ 65. Kb8 Rxa2 66. c4 Rg2 67. Ka7 Rg3 68. Kb8 Rg7 69. c5 Kxc5 70. Ka8 Kc6 71. Kb8 Rd7 72. Rh8 Kb6 73. Rg8 Rb7+ 74. Ka8 Ra7+ 75. Kb8 Rd7 76. Rh8 Nf7 77. Rg8 Ne5 78. Kc8 Re7 79. Rh8 Nc6 80. Rh7 Na7+ 0-1

[Event "Bundesliga 1920"]
[Site "Germany"]
[Date "2019.11.24"]
[Round "2.1"]
[White "Johansson, Linus"]
[Black "Sebastian, Dirk"]
[Result "0-1"]
[WhiteElo "2475"]
[BlackElo "2452"]
[PlyCount "96"]
[EventDate "2019.11.23"]
[EventType "team-tourn"]
[EventRounds "15"]
[EventCountry "GER"]
[SourceTitle "CBM 193 Extra"]
[Source "ChessBase"]
[SourceDate "2020.01.31"]
[SourceVersion "1"]
[SourceVersionDate "2020.01.31"]
[SourceQuality "1"]
[WhiteTeam "Bayern Muenchen"]
[BlackTeam "Hamburger SK"]
[WhiteTeamCountry "GER"]
[BlackTeamCountry "GER"]

1. c4 Nf6 2. Nf3 c5 3. Nc3 Nc6 4. e3 e6 5. d4 cxd4 6. Nxd4 d5 7. cxd5 Nxd5 8. Nxc6 bxc6 9. Qd4 Qb6 10. Nxd5 cxd5 11. Bd2 Qxd4 12. exd4 Rb8 13. Bc3 Bd7 14. a3 Bd6 15. g3 Ke7 16. Kd2 a5 17. Bd3 a4 18. Rhe1 g5 19. Bc2 h5 20. h4 g4 21. Reb1 f5 22. b3 f4 23. gxf4 Rhc8 24. Bb4 Bxb4+ 25. axb4 Rxb4 26. bxa4 Rxd4+ 27. Ke3 Rdc4 28. Bd3 Rxa4 29. Rxa4 Bxa4 30. Rb7+ Kd6 31. Kd4 Rf8 32. Rb6+ Bc6 33. Bb5 Rxf4+ 34. Kd3 Rf3+ 35. Ke2 Rc3 36. Bd3 Kc5 37. Rb2 e5 38. Bg6 Bb5+ 39. Kd2 Rh3 40. Bxh5 Rxh4 41. Bf7 Rh2 42. Kc1 Bc4 43. Be6 Rg2 44. Rd2 e4 45. Rb2 e3 46. fxe3 Rxb2 47. Kxb2 g3 48. Bh3 Bd3 0-1

[Event "Hamburg Engelbert Memorial-A"]
[Site "Hamburg"]
[Date "2019.10.10"]
[Round "8"]
[White "Sebastian, Dirk"]
[Black "Rozentalis, Eduardas"]
[Result "0-1"]
[WhiteElo "2453"]
[BlackElo "2536"]
[PlyCount "74"]
[EventDate "2019.10.04"]
[EventType "tourn"]
[EventRounds "9"]
[EventCountry "GER"]
[EventCategory "8"]
[SourceTitle "EXT 2020"]
[Source "ChessBase"]
[SourceDate "2019.10.17"]
[SourceVersion "1"]
[SourceVersionDate "2019.10.17"]
[SourceQuality "1"]

1. e4 c6 2. Nc3 d5 3. Nf3 Bg4 4. Be2 e6 5. d4 Nd7 6. 0-0 dxe4 7. Nxe4 Ngf6 8. h3 Bxf3 9. Bxf3 Nxe4 10. Bxe4 Nf6 11. Bf3 Bd6 12. c3 0-0 13. Re1 h6 14. Qb3 Qc7 15. c4 Rfd8 16. Bd2 Rab8 17. g3 b5 18. Rac1 bxc4 19. Qxc4 Rxb2 20. Bc3 Rbb8 21. Qa4 Rb5 22. Be2 Bxg3 23. Bxb5 cxb5 24. Qa5 Qb8 25. fxg3 Qxg3+ 26. Kf1 Qf3+ 27. Kg1 Rd5 28. Re5 Ne4 29. Rf1 Qg3+ 30. Kh1 Qxh3+ 31. Kg1 Qg3+ 32. Kh1 Nxc3 33. Rxd5 Qh3+ 34. Kg1 Qg3+ 35. Kh1 Qh4+ 36. Kg1 Ne2+ 37. Kg2 Qg3+ 0-1

[Event "Hamburg Engelbert Memorial-A"]
[Site "Hamburg"]
[Date "2019.10.05"]
[Round "2"]
[White "Grigorian, Spartak"]
[Black "Sebastian, Dirk"]
[Result "0-1"]
[WhiteElo "2370"]
[BlackElo "2453"]
[PlyCount "112"]
[EventDate "2019.10.04"]
[EventType "tourn"]
[EventRounds "9"]
[EventCountry "GER"]
[EventCategory "8"]
[SourceTitle "EXT 2020"]
[Source "ChessBase"]
[SourceDate "2019.10.17"]
[SourceVersion "1"]
[SourceVersionDate "2019.10.17"]
[SourceQuality "1"]

1. d4 Nf6 2. c4 c5 3. d5 b5 4. cxb5 a6 5. bxa6 g6 6. Nc3 Bg7 7. e4 0-0 8. e5 Ne8 9. h4 Bxe5 10. Bh6 Qa5 11. Qd2 Nxa6 12. h5 Rb8 13. Rc1 Qb4 14. Nf3 Bf6 15. Bxf8 Kxf8 16. Ng5 Kg8 17. hxg6 hxg6 18. Nge4 Bg7 19. b3 Nac7 20. Rh4 Qa5 21. Na4 Qxd2+ 22. Kxd2 d6 23. Bc4 Nf6 24. Nac3 Bb7 25. Re1 Nfxd5 26. Nxd5 Nxd5 27. Bxd5 Bxd5 28. Nc3 Bf6 29. Rh2 Be6 30. Ne4 Be5 31. g3 Ra8 32. Nc3 Bxc3+ 33. Kxc3 Rxa2 34. Rb1 Ra3 35. Rh4 c4 36. Rxc4 Bxc4 37. Kxc4 Kf8 38. b4 Ke8 39. Kb5 Kd7 40. Kb6 d5 41. b5 d4 42. f4 Kd6 43. Rb4 Kd5 44. Kc7 Kc5 45. Rb1 Ra7+ 46. Kc8 Kb6 47. Rd1 Ra4 48. Kd7 Kxb5 49. Ke8 f5 50. Kxe7 Kc4 51. Kf6 Ra6+ 52. Ke5 d3 53. Rc1+ Kb3 54. Rc8 d2 55. Rd8 Kc2 56. Rc8+ Kd3 0-1

[Event "Hamburg Engelbert Memorial-A"]
[Site "Hamburg"]
[Date "2019.10.04"]
[Round "1"]
[White "Sebastian, Dirk"]
[Black "Ftacnik, Lubomir"]
[Result "1/2-1/2"]
[WhiteElo "2453"]
[BlackElo "2520"]
[PlyCount "59"]
[EventDate "2019.10.04"]
[EventType "tourn"]
[EventRounds "9"]
[EventCountry "GER"]
[EventCategory "8"]
[SourceTitle "EXT 2020"]
[Source "ChessBase"]
[SourceDate "2019.10.17"]
[SourceVersion "1"]
[SourceVersionDate "2019.10.17"]
[SourceQuality "1"]

1. e4 c5 2. Nc3 d6 3. Nge2 Nf6 4. d4 cxd4 5. Nxd4 a6 6. g3 g6 7. Bg2 Bg7 8. 0-0 0-0 9. h3 Bd7 10. Be3 Nc6 11. Nd5 e6 12. Nxc6 Bxc6 13. Bb6 Qd7 14. Nxf6+ Bxf6 15. Bd4 Qe7 16. c3 Rfd8 17. h4 Bb5 18. Re1 Bxd4 19. Qxd4 Rac8 20. Rad1 Bc4 21. b3 e5 22. Qd2 Be6 23. c4 Kg7 24. Re3 h5 25. Rd3 Rc6 26. Kh2 Bg4 27. Bf3 Be6 28. Bg2 Bg4 29. Bf3 Be6 30. Bg2 1/2-1/2

[Event "Lueneburg op-A"]
[Site "Lueneburg"]
[Date "2019.08.08"]
[Round "6"]
[White "Sebastian, Dirk"]
[Black "Poeck, Ole"]
[Result "1/2-1/2"]
[WhiteElo "2453"]
[BlackElo "2259"]
[PlyCount "53"]
[EventDate "2019.08.03"]
[EventType "swiss"]
[EventRounds "9"]
[EventCountry "GER"]
[SourceTitle "CBM 191 Extra"]
[Source "ChessBase"]
[SourceDate "2019.09.30"]
[SourceVersion "1"]
[SourceVersionDate "2019.09.30"]
[SourceQuality "1"]

1. e4 e5 2. Nf3 Nc6 3. Bc4 Nf6 4. d3 h6 5. c3 d6 6. Bb3 g6 7. 0-0 Bg7 8. Re1 0-0 9. Nbd2 d5 10. exd5 Nxd5 11. Nc4 Re8 12. Ba4 f6 13. Bc2 Kh7 14. d4 exd4 15. Rxe8 Qxe8 16. cxd4 Bg4 17. Ne3 Bxf3 18. gxf3 Nf4 19. Kh1 Qd7 20. Nf5 Nd5 21. Nxg7 Kxg7 22. Be3 Qh3 23. Be4 Rd8 24. Qb3 Nce7 25. f4 Qe6 26. Bg2 b6 27. Rc1 1/2-1/2

[Event "Lueneburg op-A"]
[Site "Lueneburg"]
[Date "2019.08.05"]
[Round "3"]
[White "Yaaqoub, Rashid"]
[Black "Sebastian, Dirk"]
[Result "0-1"]
[WhiteElo "2141"]
[BlackElo "2453"]
[PlyCount "110"]
[EventDate "2019.08.03"]
[EventType "swiss"]
[EventRounds "9"]
[EventCountry "GER"]
[SourceTitle "CBM 191 Extra"]
[Source "ChessBase"]
[SourceDate "2019.09.30"]
[SourceVersion "1"]
[SourceVersionDate "2019.09.30"]
[SourceQuality "1"]

1. e4 e5 2. Nf3 Nc6 3. Bc4 Bc5 4. d3 Nf6 5. c3 d6 6. Bb3 0-0 7. Nbd2 a5 8. a4 Be6 9. 0-0 Re8 10. Nc4 Ba7 11. Ne3 h6 12. Bc2 d5 13. Qe2 Qd7 14. Nh4 Ne7 15. Qf3 d4 16. Nc4 Bxc4 17. dxc4 Qe6 18. cxd4 Bxd4 19. Qe2 Bc5 20. Nf5 Rad8 21. g4 Nh7 22. Be3 b6 23. Rad1 Ng6 24. b3 Ng5 25. Rxd8 Rxd8 26. Rd1 Rxd1+ 27. Qxd1 Bxe3 28. fxe3 Qf6 29. Qd7 Ne6 30. h4 Nef8 31. Qe8 Qe6 32. Qd8 Qd7 33. Qxd7 Nxd7 34. h5 Ngf8 35. Ne7+ Kh7 36. Kf2 Ne6 37. Ke2 g6 38. Kf2 Kg7 39. Kg3 Kf6 40. Nd5+ Kg5 41. hxg6 fxg6 42. Nc3 Nf6 43. Bd1 c6 44. Bf3 Nc5 45. Ne2 Nfxe4+ 46. Kg2 Nf6 47. Kg3 Nfe4+ 48. Kg2 Nd2 49. Bxc6 Ncxb3 50. Kg3 Nxc4 51. Nc3 Nc5 52. Nd5 Ne4+ 53. Kh3 Nf6 54. Nc3 Nxe3 55. Bf3 Kf4 0-1

[Event "Lueneburg op-A"]
[Site "Lueneburg"]
[Date "2019.08.03"]
[Round "1"]
[White "Modder, Frank"]
[Black "Sebastian, Dirk"]
[Result "0-1"]
[WhiteElo "1920"]
[BlackElo "2453"]
[PlyCount "60"]
[EventDate "2019.08.03"]
[EventType "swiss"]
[EventRounds "9"]
[EventCountry "GER"]
[SourceTitle "CBM 191 Extra"]
[Source "ChessBase"]
[SourceDate "2019.09.30"]
[SourceVersion "1"]
[SourceVersionDate "2019.09.30"]
[SourceQuality "1"]

1. e4 e5 2. Nf3 Nc6 3. d4 exd4 4. Nxd4 Nf6 5. Nxc6 bxc6 6. e5 Qe7 7. Qe2 Nd5 8. c4 Nb6 9. Nc3 Qe6 10. Qe4 Bb4 11. Bd2 Ba6 12. b3 Bxc3 13. Bxc3 d5 14. cxd5 cxd5 15. Qb4 Bxf1 16. Kxf1 Rc8 17. Bd4 Nd7 18. Bc5 Rb8 19. Qa4 a6 20. f3 Rb5 21. Rc1 Nxc5 22. Rxc5 0-0 23. Rxb5 axb5 24. Qd4 c5 25. Qxc5 Rc8 26. Qe3 Rc2 27. h3 Qg6 28. g4 Rb2 29. Rg1 Qb1+ 30. Qe1 Qd3+ 0-1

[Event "Bundesliga 1819"]
[Site "Germany"]
[Date "2019.04.07"]
[Round "15.8"]
[White "Schmidek, Emil"]
[Black "Sebastian, Dirk"]
[Result "0-1"]
[WhiteElo "2387"]
[BlackElo "2442"]
[PlyCount "72"]
[EventDate "2018.11.10"]
[EventType "team-tourn"]
[EventRounds "15"]
[EventCountry "GER"]
[SourceTitle "CBM 189 Extra"]
[Source "ChessBase"]
[SourceDate "2019.06.03"]
[SourceVersion "1"]
[SourceVersionDate "2019.06.03"]
[SourceQuality "1"]
[WhiteTeam "Berlin SF"]
[BlackTeam "Hamburger SK"]
[WhiteTeamCountry "GER"]
[BlackTeamCountry "GER"]

1. e4 e5 2. Nf3 Nc6 3. Bb5 a6 4. Ba4 d6 5. c3 Bd7 6. 0-0 g6 7. d4 Bg7 8. d5 Nce7 9. Bxd7+ Qxd7 10. c4 h6 11. Nc3 f5 12. Nd2 Nf6 13. b4 0-0 14. f3 c6 15. Nb3 b5 16. c5 Rfd8 17. Be3 fxe4 18. fxe4 cxd5 19. exd5 Nf5 20. Bf2 Qf7 21. c6 e4 22. Bb6 Rdb8 23. Bd4 Re8 24. Rc1 h5 25. Bxf6 Qxf6 26. Qe2 Bh6 27. Nxe4 Qh4 28. Rce1 Be3+ 29. Nf2 Bf4 30. Qxe8+ Rxe8 31. Rxe8+ Kf7 32. Nh3 Bxh2+ 33. Kxh2 Qg3+ 34. Kh1 Kxe8 35. Nf4 Ne3 36. Rc1 Ng4 0-1

[Event "Bundesliga 1819"]
[Site "Germany"]
[Date "2019.03.01"]
[Round "9.2"]
[White "Hoi, Carsten"]
[Black "Sebastian, Dirk"]
[Result "1/2-1/2"]
[WhiteElo "2380"]
[BlackElo "2442"]
[PlyCount "39"]
[EventDate "2018.11.10"]
[EventType "team-tourn"]
[EventRounds "15"]
[EventCountry "GER"]
[SourceTitle "CBM 189 Extra"]
[Source "ChessBase"]
[SourceDate "2019.06.03"]
[SourceVersion "1"]
[SourceVersionDate "2019.06.03"]
[SourceQuality "1"]
[WhiteTeam "Kiel Turm"]
[BlackTeam "Hamburger SK"]
[WhiteTeamCountry "GER"]
[BlackTeamCountry "GER"]

1. d4 g6 2. c4 Bg7 3. Nc3 d6 4. e4 Nd7 5. Be3 e5 6. Nge2 Ne7 7. Qd2 0-0 8. 0-0-0 exd4 9. Nxd4 Ne5 10. Be2 N7c6 11. h4 Nxd4 12. Bxd4 Be6 13. Nd5 Bxd5 14. cxd5 Nd7 15. Bxg7 Kxg7 16. f4 Re8 17. Bf3 h5 18. g3 Qf6 19. Rhe1 Re7 20. Re3 1/2-1/2

[Event "Lueneburg NSV rapid op"]
[Site "Lueneburg"]
[Date "2018.07.14"]
[Round "7"]
[White "Mirzoev, Azer"]
[Black "Sebastian, Dirk"]
[Result "0-1"]
[WhiteElo "2506"]
[BlackElo "2447"]
[PlyCount "144"]
[EventDate "2018.07.14"]
[EventType "swiss (rapid)"]
[EventRounds "9"]
[EventCountry "GER"]
[SourceTitle "CBM 185 Extra"]
[Source "ChessBase"]
[SourceDate "2018.07.29"]
[SourceVersion "1"]
[SourceVersionDate "2018.07.29"]
[SourceQuality "1"]

1. d4 g6 2. e4 Bg7 3. Nc3 d6 4. Be3 c6 5. Qd2 Nd7 6. Nge2 Qa5 7. Ng3 b5 8. Be2 a6 9. 0-0 Qc7 10. f4 h5 11. e5 h4 12. Nge4 d5 13. Ng5 e6 14. Bd3 Ne7 15. Nd1 c5 16. c3 Nf5 17. Bf2 Bf8 18. Ne3 Bb7 19. Nxf5 gxf5 20. Qe1 Be7 21. Bxh4 0-0-0 22. Bf2 c4 23. Bc2 Bxg5 24. fxg5 Nf8 25. h4 Ng6 26. g3 Rdg8 27. Be3 Bc6 28. Bf4 Kb7 29. Qe3 Qb6 30. Bd1 a5 31. h5 Nf8 32. Rf2 Nh7 33. g4 Qd8 34. gxf5 Nxg5 35. Rg2 Ne4 36. f6 Rxg2+ 37. Kxg2 Qg8+ 38. Kh2 Qh7 39. Be2 b4 40. Rg1 Be8 41. Qh3 Nf2 42. Qf3 Ne4 43. Bc1 Rg8 44. Rxg8 Qxg8 45. h6 Qh7 46. Bd1 Bb5 47. Bc2 Qg6 48. Qh3 Qh7 49. Qg4 b3 50. axb3 cxb3 51. Bxb3 Nf2 52. Qf3 Nd3 53. Bc2 Qg6 54. Be3 a4 55. Bd2 Kc6 56. Bb1 Bc4 57. Bc2 Kb5 58. Kh3 Nf2+ 59. Qxf2 Qxc2 60. Be3 Qg6 61. Kh4 Bd3 62. Bf4 Qe4 63. Qe3 Qh1+ 64. Kg5 Bg6 65. Qe2+ Kb6 66. Bg3 Qh3 67. Qf3 Kb5 68. Qg4 Qxg4+ 69. Kxg4 Kc4 70. Kg5 Kb3 71. c4 Kxc4 72. Be1 Kb3 0-1

[Event "Lueneburg NSV rapid op"]
[Site "Lueneburg"]
[Date "2018.07.14"]
[Round "4"]
[White "Sebastian, Dirk"]
[Black "Pfreundt, Jakob"]
[Result "1-0"]
[WhiteElo "2447"]
[BlackElo "2399"]
[PlyCount "65"]
[EventDate "2018.07.14"]
[EventType "swiss (rapid)"]
[EventRounds "9"]
[EventCountry "GER"]
[SourceTitle "CBM 185 Extra"]
[Source "ChessBase"]
[SourceDate "2018.07.29"]
[SourceVersion "1"]
[SourceVersionDate "2018.07.29"]
[SourceQuality "1"]

1. e4 e5 2. Nf3 Nc6 3. Bc4 Bc5 4. 0-0 Nf6 5. d3 d6 6. Nbd2 0-0 7. a4 a5 8. c3 Be6 9. Bxe6 fxe6 10. Nc4 Qd7 11. d4 exd4 12. cxd4 Bb4 13. Qd3 Rae8 14. Bd2 Bxd2 15. Ncxd2 Nh5 16. Qb5 Nf4 17. g3 Ng6 18. Rac1 Re7 19. Qxb7 Nb4 20. Qb5 Qxb5 21. axb5 Rb8 22. Nc4 Rxb5 23. Ra1 d5 24. Rxa5 Rxa5 25. Nxa5 dxe4 26. Ng5 Nc2 27. Rd1 e3 28. fxe3 Nxe3 29. Re1 Nf5 30. Nc6 Rd7 31. Rxe6 Nge7 32. g4 h6 33. gxf5 1-0

[Event "Lueneburg NSV rapid op"]
[Site "Lueneburg"]
[Date "2018.07.14"]
[Round "5"]
[White "Wachinger, Nikolas"]
[Black "Sebastian, Dirk"]
[Result "0-1"]
[WhiteElo "2340"]
[BlackElo "2447"]
[PlyCount "100"]
[EventDate "2018.07.14"]
[EventType "swiss (rapid)"]
[EventRounds "9"]
[EventCountry "GER"]
[SourceTitle "CBM 185 Extra"]
[Source "ChessBase"]
[SourceDate "2018.07.29"]
[SourceVersion "1"]
[SourceVersionDate "2018.07.29"]
[SourceQuality "1"]

1. e4 d6 2. d4 Nf6 3. Bd3 g6 4. c3 Bg7 5. Nf3 0-0 6. 0-0 Nc6 7. Nbd2 e5 8. h3 Nh5 9. dxe5 Nxe5 10. Nxe5 dxe5 11. Nf3 Nf4 12. Bxf4 exf4 13. Bc4 Qe7 14. Re1 Be6 15. Bxe6 Qxe6 16. Qd5 Qxd5 17. exd5 Rfe8 18. Kf1 Kf8 19. Rad1 Rad8 20. Rxe8+ Kxe8 21. Ke2 Kd7 22. Ng5 h6 23. Ne4 b6 24. Kf3 f5 25. Nd2 g5 26. Nc4 Re8 27. a4 h5 28. h4 g4+ 29. Kxf4 Re4+ 30. Kxf5 Rxc4 31. Kg6 Be5 32. Kxh5 Rxa4 33. Kg5 Bf4+ 34. Kg6 g3 35. fxg3 Bxg3 36. h5 Rg4+ 37. Kf5 Rh4 38. Kg5 Rh2 39. Rd2 Kd6 40. Re2 Kxd5 41. h6 Be5 42. Kg6 a5 43. h7 b5 44. Rd2+ Ke6 45. Re2 c5 46. b3 b4 47. cxb4 axb4 48. Rc2 Kd5 49. Rd2+ Bd4 50. Rc2 Ke4 0-1

[Event "Lueneburg op-A"]
[Site "Lueneburg"]
[Date "2018.07.10"]
[Round "6"]
[White "Sebastian, Dirk"]
[Black "Buchenau, Frank"]
[Result "1-0"]
[WhiteElo "2447"]
[BlackElo "2275"]
[PlyCount "41"]
[EventDate "2018.07.06"]
[EventType "swiss"]
[EventRounds "9"]
[EventCountry "GER"]
[SourceTitle "CBM 185 Extra"]
[Source "ChessBase"]
[SourceDate "2018.07.29"]
[SourceVersion "1"]
[SourceVersionDate "2018.07.29"]
[SourceQuality "1"]

1. e4 c6 2. Nc3 d5 3. Nf3 Nf6 4. e5 Ne4 5. Ne2 Qb6 6. d4 e6 7. Nfg1 f6 8. f3 Ng5 9. exf6 gxf6 10. f4 Nf7 11. Nf3 Bd6 12. Ng3 0-0 13. Nh5 Nd7 14. Ne5 Nh6 15. Bd3 fxe5 16. fxe5 Nxe5 17. Bxh6 Nxd3+ 18. Qxd3 Qxb2 19. Bxf8 Qxa1+ 20. Kf2 Qxh1 21. Bxd6 1-0